| 000 | 01114nam0a22003251 4500 | ||
|---|---|---|---|
| 001 | v19\rc\1904527 | ||
| 005 | 20251118180528.5 | ||
| 035 | _a(NLR Aleph) 004993618 | ||
| 090 |
_a6312339 _c6312339 |
||
| 100 | _a20080404d1911 |||y0rusy50 ca | ||
| 101 | 0 | _arus | |
| 102 | _aRU | ||
| 105 | _aa j ||||| | ||
| 200 | 1 |
_aМинералогия и геология для средних учебных заведений _fПроф. А.В. Нечаев |
|
| 205 | _a4-е изд., испр. и доп. | ||
| 210 |
_aКиев _cПирогов. т-во _d1911 |
||
| 215 |
_aXIV, 220 с., 300 ил., 1 л. ил. _d23 |
||
| 532 | 1 | 3 | _aМинералогия и геология для средних учебных заведений |
| 700 | 1 |
_aНечаев _bА. В. _f1864-1915 _gАлексей Васильевич |
|
| 801 | 0 |
_aRU _bNLR _gpsbo |
|
| 801 | 0 |
_aRU _bRuMoRGB _2psbo |
|
| 801 | 1 |
_aRU _bProSoft-M _2rusmarc |
|
| 852 |
_aNLR _j37.29.8.51 |
||
| 899 |
_aRuMoRGB _jU 217/353 |
||
| 899 |
_aRuMoRGB _jU 73/637 |
||
| 899 |
_aRuMoRGB _jU 110/664 |
||
| 899 | _aБАН | ||
| 942 | _cBOOK | ||
| 980 | _aNB | ||